|
|
|
|
| LEADER |
01220cam a2200241 7i4500 |
| 001 |
0000060439 |
| 005 |
20220705090000.0 |
| 020 |
|
|
|a 9780309130349 (electronic book)
|
| 090 |
0 |
0 |
|a GE180
|b .E68 2013
|
| 245 |
0 |
0 |
|a Environmental decisions in the face of uncertainty
|c Committee on Decision Making Under Uncertainty, Board on Population Health and Public Health Practice, Institute of Medicine of the National Academies.
|
| 264 |
|
|
|a Washington, D.C.:
|b National Academies Press,
|c 2013.
|
| 300 |
|
|
|a 1 online resource (xxi, 258 pages):
|b illustrations, text file, PDF.
|
| 336 |
|
|
|a text
|2 rdacontent
|
| 337 |
|
|
|a computer
|2 rdamedia
|
| 338 |
|
|
|a online resource
|2 rdacarrier
|
| 650 |
0 |
0 |
|a Environmental policy --
|x United States --
|x Decision making
|
| 650 |
0 |
0 |
|a Public health --
|x Risk assessment --
|z United States
|
| 655 |
0 |
0 |
|a Electronic books
|
| 710 |
1 |
2 |
|a Institute of Medicine (U.S.). Committee on Decision Making Under Uncertainty
|
| 856 |
4 |
2 |
|u http://library.unisel.edu.my/web/guest/mylibrary
|
| 997 |
|
|
|a Engineering & Life Sciences, Faculty
|b Science & Biotechnology, Department
|
| 998 |
|
|
|a Environmental Science (Biodiversity & Conservation), Degree
|
| 999 |
|
|
|a EBO0013205
|b EBOOK
|c EBOOK
|e Electronic resources
|